000 00524nam a2200217Ia 4500
003 OSt
005 20221006152536.0
006 a|||||r|||| 00| 0
007 ta
008 221006b |||||||| |||| 00| 0 eng d
024 _a28,693
037 _cBound Volumes
040 _aEASL
_cEASL
_beng
041 _2eng
_aeng
245 0 _aInternational Studies
260 _aNew Delhi
_bSage Publication India
_c0000
300 _ap.
_ccm.
490 _v 38
942 _cCR
_2CC
999 _c1096779
_d1096779